00425 2200169 4500001002100000005001500021008004100036035001900077041000700096082001000103090001600113100001200129245004600141260001600187300002600203990002600229INLIS00000000000210720220725120437220725||||||||| | ||| |||| || |  0010-0722002107 aid0 a633.4 a633.4 Soe m0 aSoewito00aMemanfaatkan lahan bercocok tanam kentang aDepokc1991 a66p.;Pig.;Bibl.,21 Cm ac.2(4736/APP/Pb/1993)